Welcome to the Holygrace Academy Library

Please use search bar below to get started

JUNIOR ENCYCLOPEDIA (Record no. 2093)

MARC details
000 -LEADER
fixed length control field 00333nam a22001337a 4500
020 ## - INTERNATIONAL STANDARD BOOK NUMBER
ISBN 81-7187-298-0
082 ## - DEWEY DECIMAL CLASSIFICATION NUMBER
Classification number 030
Item number HIL/J
100 ## - MAIN ENTRY--AUTHOR NAME
Personal name HILTON, ROSS
245 ## - TITLE STATEMENT
Title JUNIOR ENCYCLOPEDIA
Remainder of title AMAZING FACTS ABOUT HISTORY
260 ## - PUBLICATION, DISTRIBUTION, ETC. (IMPRINT)
Place of publication GURGAON
Name of publisher THE BOOK PARADISE
Year of publication 2001
300 ## - PHYSICAL DESCRIPTION
Number of Pages 124
650 ## - SUBJECT ADDED ENTRY--TOPICAL TERM
Topical Term GENERAL KNOWLEDGE
Geographic subdivision INDIA
942 ## - ADDED ENTRY ELEMENTS (KOHA)
Koha item type Books
Holdings
Withdrawn status Lost status Collection code Home library Current library Shelving location Date acquired Source of acquisition Cost, normal purchase price Full call number Accession Number Koha item type
    Reference Main Library Main Library SHELF 1 F -DICTIONARY,THEASAURUS 19/04/2013 purchase 70.00 030 HIL/J 07325 Books